40 personnages Disney en images - Statistiques

Statistiques générales
  • Ce quiz a été pris 284 fois
  • Le résultat moyen est 33 sur 40
Statistiques - réponses
Par images Réponse % Correct
Raiponce
100%
Dumbo
98%
Stitch
98%
Tarzan
97%
Cendrillon
96%
Dingo
96%
Donald
96%
Capitaine Crochet
95%
Vaiana
95%
Alice
94%
Mulan
94%
Nala
94%
Lilo
93%
Scar
93%
Anna
92%
Baloo
89%
Porcinet
89%
Jafar
88%
Pocahontas
88%
Esmeralda
86%
Picsou
86%
Simplet
86%
Panpan
84%
Ursula
83%
Clochard
82%
Bourriquet
79%
Lumière
79%
Polochon
79%
Hadès
77%
Kuzco
77%
Abu
75%
Tac
74%
Gaston
72%
Rafiki
64%
Kaa
60%
Triton
55%
Megara
50%
Perdita
45%
Docteur Facilier
41%
Figaro
41%
Aucun quiz correspondant
Distribution des résultats
% des personnes avec chaque résultat
Percentile par nombre de réponses
Votre historique - résultats
Vous n’avez pas pris ce quiz